Recyklácia plastov použitím dvojstupňového termicko-katalytického procesu krakovania

Gespeichert in:
Bibliographische Detailangaben
1. Verfasser: Matlovič, Igor (Verfasst von)
Weitere Verfasser: Vasilkovová, Božena (Betreuung Doktorarbeit)
Format: Manuskript Buch
Sprache:Slowakisch
Veröffentlicht: 2024
Schlagworte:
Online-Zugang:http://is.stuba.sk/zp/portal_zp.pl?podrobnosti=168700
Tags: Tag hinzufügen
Keine Tags, Fügen Sie das erste Tag hinzu!

MARC

LEADER 00000ntm a22000003a 4500
001 stuzp99174
003 SK-STU
005 20240622210731.7
007 ta
008 150427s2015----xo-----f-mn---000-0-slo-d
040 |a STU  |b slo 
041 0 |a slo 
100 1 |a Matlovič, Igor  |u 048130  |4 aut  |U FCHPT Ústav organickej chémie, katalýzy a petrochémie  |T FCHPT Oddelenie organickej technológie, katalýzy a ropy  |X 115968  |U C8130  |Y 123  |7 115968 
242 0 1 |a Recycling of plastics using a two-stage thermal-catalytic cracking process  |y eng 
245 1 0 |a Recyklácia plastov použitím dvojstupňového termicko-katalytického procesu krakovania 
260 |c 2024 
650 4 |a odpadový polypropylén  |2 slo 
650 4 |a termické krakovanie  |2 slo 
650 4 |a katalytické krakovanie  |2 slo 
650 4 |a klinoptilolit  |2 slo 
650 4 |a catalytic cracking  |2 eng 
650 4 |a waste polypropylene  |2 eng 
650 4 |a clinoptilolite  |2 eng 
650 4 |a thermal cracking  |2 eng 
700 1 |a Vasilkovová, Božena  |u 048130  |k Z1  |4 ths  |U FCHPT Ústav organickej chémie, katalýzy a petrochémie  |T FCHPT Oddelenie organickej technológie, katalýzy a ropy  |X 10122  |U C8130  |Y 123  |7 A000010122 
856 4 |u http://is.stuba.sk/zp/portal_zp.pl?podrobnosti=168700